书目信息 |
| 书名: | Salt | |
| 作者: | by Pierre Laszlo ; translated by Mary Beth Mader. | |
| 分册号: | ||
| 分册名: | 出版地: | New York : |
|
| 出版社: | Columbia University Press | |
| 出版时间: | c2001. | |
| 页数: | xxv, 193 p. : | |
| 开本: | 24 cm. | |
| 丛书名: | ||
| 中图分类号: | ||
| 科图分类号: | ||
| 其他分类号: | F419 | |
| 主题词: | ||
| 电子资源: | http://www.e-streams.com/es0805/es0805_2049.htm | |
| 000 | 01236cam a2200289 a 450 | |
| 001 | E0732872296 | |
| 005 | 20070519091019.59 | |
| 008 | 010227s2001 nyua b 001 0 eng | |
| 010 | @a2001028227 | |
| 020 | @a0231121989 (cloth : alk. paper). | |
| 040 | @aDLC@cDLC@dDLC | |
| 041 | 1 | @aeng@hfre |
| 050 | 00 | @aTN900@b.L3713 2001 |
| 082 | 00 | @a553.6/3@2 21 |
| 090 | @aF419 | |
| 099 | @dF419@ex14 | |
| 100 | 1 | @aLaszlo, Pierre. |
| 240 | 10 | @aChemins et savoirs du sel.@lEnglish |
| 245 | 10 | @aSalt :@bgrain of life / @cby Pierre Laszlo ; translated by Mary Beth Mader. |
| 260 | @aNew York :@bColumbia University Press,@cc2001. | |
| 300 | @axxv, 193 p. :@bill. ;@c24 cm. | |
| 504 | @aIncludes bibliographical references (p. [173]-193) and index. | |
| 650 | 0 | @aSalt@xHistory. |
| 856 | 42 | @3 Book review (E-STREAMS)@uhttp://www.e-streams.com/es0805/es0805_2049.htm |
| 906 | @a7@bcbc@corignew@d1@eocip@f20@gy-gencatlg | |
| 925 | 0 | @aacquire@b2 shelf copies@xpolicy default |
| 955 | @ato ASCD pc23 02-27-01; jg14 02-28-01; jg05 03-02-01 to Phy. Team; jp99 (subj) to SL 03-05-01; jp10 ; to Dewey 03-06-01; aa07 03-06-01@aps09 2001-08-29 2 copies rec’d, to CIP ver.@ajp00 2001-08-31@fjp43 2001-09-10 to sl@ejp14 2001-09-21 to BCCD | |
| Salt : : grain of life / / by Pierre Laszlo ; translated by Mary Beth Mader.-New York : : Columbia University Press, , c2001. |
| xxv, 193 p. : : ill. ; ; 24 cm. |
| Includes bibliographical references (p. [173]-193) and index. |
| ISBN 0231121989 (cloth : alk. paper). |
| ● |
| 相关链接 |
|
|
|
|
正题名:Salt
索取号:F419/x14
 
预约/预借
| 序号 | 登录号 | 条形码 | 馆藏地/架位号 | 状态 | 备注 |
| 1 | 10539 | 300105393 | 第二样本阅览室/ [索取号:F419/x14] | 在馆 | |
| 2 | 10540 | 300105400 | 第四借阅区/ [索取号:F419/x14] | 在馆 |